01164cam a2200301 a 45000010005000000030006000050050017000110080041000280100017000690200018000860200015001040200018001190400023001370500024001600820017001841000029002012450116002302600039003463000047003854900018004325050007004505200262004575210018007195210018007376500042007557000033007977000032008302349FISKH20250821134047.0060921s2007 mnua j 001 0 eng  a 2006031531 a9781575422336 a1575422336 a9781575422336 aDLCcDLCdDLCbeng00aBJ1857.C5bE87 200700a395.1/222221 aEspeland, Pamela,d1951-10aDude, that's rude! :b(get some manners) /cby Pamela Espeland & Elizabeth Verdick ; illustrated by Steve Mark. aMinneapolis :bFree Spirit,c2007. a117 pages :bcolor illustrations ;c20 cm 0 aLaugh & learn aR  aIdentifying good manners as an important social skill, this guide describes proper etiquette in such situations as being home with other family members, having a conversation, eating in the school cafeteria, greeting others, and practicing personal hygiene.8 a730 bLexile 8 aR bRaz-Plus  0aEtiquette for children and teenagers.1 aVerdick, Elizabeth.eAuthor 1 aMark, Steve.,eillustrator